Imatge i recerca : ponències i comunicacions : V Jornades Antoni Varés ponències i comunicacions :
ISBN:
84-86837-74-X
Descripción Física:
366 p. : il. ; 30 cm
Colección:
Col·lecció Textos i Documents ; 9
MARC
| LEADER | 00000nam a2200000Ia 4500 | ||
|---|---|---|---|
| 001 | 13627 | ||
| 008 | 160829s9999 xx 000 0 cat d | ||
| 111 | 2 | |a Jornades Antoni Varés |n (5es : |d 1998 : |c Girona, Catalunya) |9 55735 | |
| 710 | 1 | |a Girona (Catalunya). |b Ajuntament |9 54942 | |
| 952 | |0 0 |1 0 |4 0 |6 B1408 |7 1 |9 43322 |a Arxiu |b Arxiu |d 2016-12-01 |l 0 |o B-1-408 |p 13627 |r 2016-12-01 00:00:00 |w 2016-12-01 |y ARXIU | ||
| 999 | |c 45867 |d 45867 | ||
| 020 | |a 84-86837-74-X | ||
| 080 | |a B-1-408 | ||
| 245 | |a Imatge i recerca : |b ponències i comunicacions : |b V Jornades Antoni Varés | ||
| 260 | |a [Girona] : |b Ajuntament de Girona, DL 1998 | ||
| 300 | |a 366 p. : |b il. ; |c 30 cm | ||
| 490 | |a Col·lecció Textos i Documents ; 9 | ||
| 590 | |a Bibliografia | ||
| 650 | |a Cinematografia en la historiografia |x Congressos |9 24802 | ||
| 650 | |a Fotografia en la historiografia |x Congressos |9 24803 | ||
| 650 | |a Fotografies |x Conservació i restauració |x Congressos I |9 24804 | ||
| 650 | 0 | |a Fototeques |x Congressos |9 32138 | |
| 650 | |a Arxius audiovisuals |x Congressos |9 32137 | ||
| 901 | |a Arxiu | ||
| 942 | |n 1 |2 udc | ||